000
00223nam a22001097a 4500
999
_c
67156
_d
67153
082
_a
658.4034PAN
100
_a
Panneerrsel Vam.R
245
_a
Operating Research
260
_a
Pakistan
_c
2012
300
_a
608p
942
_c
BK